000 00253nam a2200085Ia 4500
008 170620s9999 xx 000 0 und d
100 _aCraft- Anna
245 0 _aCreativity and early years education- A life wide foundations
260 _bNew Delhi- Atlantic Publishers
260 _c2008
999 _c25150
_d25150